00471 2200193 4500001002100000008004100021035002000062245003500082100001900117260002400136300001800160020002200178084001400200082000800214650001000222990001500232990001500247990001500262INLIS000000000003232 ind  a0010-1225000053 aCantik Itu LukacEka Kurniawan aKurniawan, Eka aJakarta :bGramedia a505c14x21 cm a978-602-03-1258-3 a813 KUR c a813 aFiksi a19705/B/26 a19706/B/26 a19707/B/26